ORGANIC CHEMISTRY WITH BIOLOGICAL APPLICATIONS 2e (Record no. 216217)
[ view plain ]
| 000 -LEADER | |
|---|---|
| fixed length control field | 00495nam a22001697a 4500 |
| 008 - FIXED-LENGTH DATA ELEMENTS--GENERAL INFORMATION | |
| fixed length control field | 251119b |||||||| |||| 00| 0 eng d |
| 020 ## - INTERNATIONAL STANDARD BOOK NUMBER | |
| International Standard Book Number | 13:978-0-495-39147-0 |
| 050 ## - LIBRARY OF CONGRESS CALL NUMBER | |
| Classification number | QD 251.3 M33 2011 |
| 100 ## - MAIN ENTRY--PERSONAL NAME | |
| Personal name | MCMURRY JOHN |
| 245 ## - TITLE STATEMENT | |
| Title | ORGANIC CHEMISTRY WITH BIOLOGICAL APPLICATIONS 2e |
| 260 ## - PUBLICATION, DISTRIBUTION, ETC. | |
| Place of publication, distribution, etc. | AUTRALIA |
| Name of publisher, distributor, etc. | CENGAGE |
| Date of publication, distribution, etc. | 2011 |
| 300 ## - PHYSICAL DESCRIPTION | |
| Extent | X,1044 |
| 500 ## - GENERAL NOTE | |
| General note | INCLUDES INDEX AND APPENDIX |
| 650 ## - SUBJECT ADDED ENTRY | |
| Topical term or geographic name entry element | Organic chemistry problems exercises e.t.c |
| 942 ## - ADDED ENTRY ELEMENTS (KOHA) | |
| Source of classification or shelving scheme | Library of Congress Classification |
| Koha item type | Long Loan Book |
| Withdrawn status | Lost status | Source of classification or shelving scheme | Damaged status | Not for loan | Collection | Home library | Current library | Shelving location | Date acquired | Inventory number | Total checkouts | Full call number | Barcode | Date due | Date last seen | Date last checked out | Copy number | Price effective from | Koha item type | Total renewals |
|---|---|---|---|---|---|---|---|---|---|---|---|---|---|---|---|---|---|---|---|---|
| Library of Congress Classification | Science & Technology | Kisii University Library | Kisii University Library | On Display | 11/19/2025 | 109823 | 3 | QD 251.3 M33 2011 | 000000001638 | 04/29/2026 | 04/15/2026 | 04/15/2026 | 1 | 11/19/2025 | Long Loan Book | |||||
| Library of Congress Classification | Science & Technology | Kisii University Library | Kisii University Library | On Display | 11/19/2025 | 109824 | 1 | QD 251.3 M33 2011 | 000000001637 | 12/16/2025 | 11/24/2025 | 2 | 11/19/2025 | Long Loan Book | 1 |